000 00737nam a22002177a 4500
005 20160926114012.0
010 _a1516EN07
020 _c240.00
_a9789350354872
035 _aB-612217-242
037 _bUBH/Ven
082 _a342.085
100 _aJain, Rashee
245 _aTextbook on human rights: law and practice /
_cby Rashee Jain
250 _a2nd ed
260 _aDelhi
_bUniversal Law Publishing
_c2014
270 _aA-58, G.T. Karnal Road Industrial Area,
_bDelhi
_e110033
300 _a184p.
_c24cm(pbk)
500 _aIncludes index
942 _2ddc
_cEN
_h342.085
_mJAI
999 _c96446
_d96446